000 00631nam a2200217Ia 4500
005 20250923145344.0
008 008 250917s9999 xx 000 0 eng d
037 _aTextual
040 _aDSWL
_beng
_cDSWL
041 _aeng
_2eng
084 _aX:16.2, N76
_qDSWL
100 _aGanguli, B.N.
_9834424
245 0 _aLevels of living in India: An Inter-state profile
_c by B.N. Ganguli
260 _aNew Delhi
_b S. Chand & Co. Ltd.
_c1976
300 _avi,273p.
365 _aINR
_b40 . 50
700 _a D.B. Gupta
_9834425
925 _g40 . 50
942 _cTEXL
_hX:16.2, N76
999 _c1450387
_d1450387